Vzryvajuščiesja miry /

Guardado en:
Detalles Bibliográficos
Autor principal: Tovmasjan, G.M (Autor)
Formato: Libro
Lenguaje:ruso
Publicado: Jerevan : Ajnast, 1979
Etiquetas: Agregar Etiqueta
Sin Etiquetas, Sea el primero en etiquetar este registro!

MARC

LEADER 00000nam a22000003a 4500
001 stu43535
005 20150617225717.0
008 941024s1979----xxr-----------------rus-d
040 |a STU  |b slo 
041 0 |a rus 
044 |a xxr 
080 |a 528 
100 1 |a Tovmasjan, G.M  |4 aut 
245 1 |a Vzryvajuščiesja miry /  |c [aut.]G.M. Tovmasjan 
260 |a Jerevan :  |b Ajnast,  |c 1979 
300 |a 165 s 
996 |b 284M047491  |c M*1520-1  |l MMKN  |s A  |a 24  |w stu43535_0001